A Small Luxury Hotels of the World (SLH) brand működésének bemutatása a Kozmo Suites and Spa Hotel példáján keresztül

Bibliográfiai részletek
Szerző: Vigh Vanessa
További közreműködők: Juhász-Dóra Katalin
Sikó Dr. Botond
Dokumentumtípus: Diplomadolgozat
Kulcsszavak:nemzetközi pénzügy
pénzforrás
program
reklám
vagyon
Online Access:http://dolgozattar.uni-bge.hu/60126

MARC

LEADER 00000nta a2200000 i 4500
001 dolg60126
005 20260409150025.0
008 260409suuuu hu om 000 hun d
040 |a BGE Dolgozattár Repozitórium  |b hun 
041 |a hu 
100 1 |a Vigh Vanessa 
245 1 2 |a A Small Luxury Hotels of the World (SLH) brand működésének bemutatása a Kozmo Suites and Spa Hotel példáján keresztül  |c Vigh Vanessa  |h [elektronikus dokumentum] 
520 3 |a A turizmus és a vendéglátás iparága az elmúlt évtizedekben jelentős átalakuláson ment keresztül, különösen a prémium szolgáltatások terén. Napjainkban a szállodaipar rendkívül gyorsan növekszik. A luxusutazások iránti kereslet folyamatos növekedése új kihívások elé állította a szállodai szolgáltatásokat, akiknek nem csak a minőségben, hanem az élményteremtésben is versenyezniük kell. Ebben a környezetben különös jelentőséggel bírnak azok a szállodai márkahálózatok, amelyek célja nem csupán az egységes sztenderdek biztosítása, hanem a vendégélmény egyediségének megőrzése is. 
695 |a nemzetközi pénzügy 
695 |a pénzforrás 
695 |a program 
695 |a reklám 
695 |a vagyon 
700 1 |a Juhász-Dóra Katalin  |e ths 
700 1 |a Sikó Dr. Botond  |e ths 
856 4 0 |u http://dolgozattar.uni-bge.hu/60126/1/A%20Small%20Luxury%20Hotels%20of%20the%20World%20%28SLH%29%20nemzetk%C3%B6zi%20sz%C3%A1ll%C3%B3da%20h%C3%A1l%C3%B3zat%20m%C5%B1k%C3%B6d%C3%A9s%C3%A9nek%20bemutat%C3%A1sa%20Kozmo%20Suites%20and%20Spa%20sz%C3%A1ll%C3%B3d%C3%A1n%20kereszt%C3%BCl.pdf  |z Dokumentum-elérés 
856 4 0 |u http://dolgozattar.uni-bge.hu/60126/2/JDK_Vigh%20Vanessa_szakdolgozat%20b%C3%ADr%C3%A1lat.pdf  |z Dokumentum-elérés 
856 4 0 |u http://dolgozattar.uni-bge.hu/60126/3/V%C3%ADgh.pdf  |z Dokumentum-elérés